Cold War - Statistics

General Stats
  • This quiz has been taken 76 times
  • The average score is 7 of 10
Answer Stats
Question Answer % Correct
What was the alliances that the U.S formed NATO
85%
Who was the first leader of the U.S.S.R in the cold war Joseph Stalin
80%
what was the war before the cold war WW2
80%
who was the president that observed the Cuban Missile Crisis John F Kennedy
76%
who started the soviet union Vladimir Lenin
76%
who was the last soviet premier Mikhal Gorbachev
75%
what was the ideology that the USSR followed communism
73%
What was dubbed " The declaration of the Cold War" the truman doctrine
62%
Who was the president of Russia SFSR that dissolved the soviet union boris yelstin
33%
what was the tournament that canada played the USSR in for hockey, also dubbed "Cold War On Ice" A Hockey series called " The Summit Series"
13%
No matching quizzes found
Score Distribution
Percent of People with Each Score
Percentile by Number Answered
Your Score History
You have not taken this quiz